|
|
|
|
| LEADER |
00000naa0a2200000 4500 |
| 001 |
601958 |
| 005 |
20250905133633.0 |
| 035 |
|
|
|a (RuTPU)RU\TPU\tpu\27165
|
| 090 |
|
|
|a 601958
|
| 100 |
|
|
|a 20150423d2013 k y0rusy50 ca
|
| 101 |
0 |
|
|a rus
|
| 102 |
|
|
|a RU
|
| 200 |
1 |
|
|a Вольтамперометрическое определение антибиотиков и афлатоксина В1
|f Г. Б. Слепченко, Т. М. Гиндуллина, В. И. Дерябина
|
| 333 |
|
|
|a В фонде НТБ ТПУ отсутствует
|
| 463 |
|
1 |
|t Тезисы докладов IX Всероссийской конференции "Химия и медицина" с молодежной научной школой по органической химии, Уфа-Абзаково, 4-8 июня 2013 года
|v С. 111
|d 2013
|
| 610 |
1 |
|
|a труды учёных ТПУ
|
| 700 |
|
1 |
|a Слепченко
|b Г. Б.
|c химик
|c профессор Томского политехнического университета, доктор химических наук
|f 1956-
|g Галина Борисовна
|3 (RuTPU)RU\TPU\pers\25643
|9 11554
|
| 701 |
|
1 |
|a Гиндуллина
|b Т. М.
|c химик
|c доцент Томского политехнического университета, кандидат химических наук
|f 1951-
|g Татьяна Михайловна
|3 (RuTPU)RU\TPU\pers\27651
|
| 701 |
|
1 |
|a Дерябина
|b В. И.
|c химик
|c инженер-исследователь Томского политехнического университета, кандидат химических наук
|f 1963-
|g Валентина Ивановна
|3 (RuTPU)RU\TPU\pers\27268
|
| 712 |
0 |
2 |
|a Национальный исследовательский Томский политехнический университет (ТПУ)
|b Институт природных ресурсов (ИПР)
|b Кафедра физической и аналитической химии (ФАХ)
|3 (RuTPU)RU\TPU\col\18656
|
| 712 |
0 |
2 |
|a Национальный исследовательский Томский политехнический университет (ТПУ)
|b Институт природных ресурсов (ИПР)
|b Кафедра физической и аналитической химии (ФАХ)
|b Научно-исследовательская лаборатория "Микропримесей" № 506 (НИЛ "Микропримесей" № 506)
|3 (RuTPU)RU\TPU\col\19903
|
| 801 |
|
1 |
|a RU
|b 63413507
|c 20150423
|
| 801 |
|
2 |
|a RU
|b 63413507
|c 20170523
|g RCR
|
| 942 |
|
|
|c BK
|